Slovakia Law Articles in English

Bibliographic Details
Format: Journal
Language:English
Published: [s.l] : Mondaq, 2001 -
Subjects:
Online Access:Acceso restringido

MARC

LEADER 00000nas a22000007a 4500
005 2011112408018.0
007 cr|||| ||||
008 111124c20119999xo zr|pss|||| 0|||a1eng d
035 |a 1912 
040 |a vLex 
090 |c 2796  |d 2796 
245 0 0 |a Slovakia Law Articles in English  |h [Recurso electrn̤ico]  
256 |a Servicio en ln̕ea 
260 |a [s.l] :  |b Mondaq,  |c 2001 - 
300 |a 1 recurso electrn̤ico 
310 |a Irregular 
506 1 |a Contenido solo disponible en los productos indicados  |d vLex Global   |d vLex Global (Academic Edition, excluding Law Schools)   |d vLex Global (U.S. Academic Edition, Law Schools)   |d vLex Global (U.S. Academic Edition, excluding Law Schools)   |d vLex Global (Academic Edition, Law Schools)  
650 0 4 |a Derecho   |v Revistas   |z Eslovaquia 
740 0 |a vLex Revistas (Servicio en ln̕ea) 
856 4 0 |u http://vlex.com/source/slovakia-law-articles-english-1912  |z Acceso restringido 
942 |c REV